| 000 | 00668nam a2200241Ia 4500 | ||
|---|---|---|---|
| 003 | OSt | ||
| 005 | 20221005120034.0 | ||
| 006 | a|||||r|||| 00| 0 | ||
| 007 | ta | ||
| 008 | 221004b |||||||| |||| 00| 0 urd d | ||
| 020 | _c100 | ||
| 024 | _a824 | ||
| 037 |
_b5543/2, 18/03/2009, Modern Publishing House _cTextual |
||
| 040 |
_aCRL _cCRL _burd |
||
| 041 |
_2urd _aurd |
||
| 082 | _aO168,1M31w, P4 | ||
| 100 |
_aAlam Makhmoor _9628417 |
||
| 245 | 0 | _aDaag dehlavi | |
| 260 | _c2004 | ||
| 650 | _aURDU POETRY | ||
| 942 |
_hO168,1M31w, P4 _cTEXL _2cc |
||
| 999 |
_c1036666 _d1036666 |
||